LEADER 00547nab a2200145 i 4500 001 000000317161 003 CaOOAMICUS 005 20180831173223.0 008 180831n xx uu u0 0und r 013 $a26240 040 $aSeMil$bita 100 1 $aFumagalli, Aristide,$d<1962- >.$0(OLS)http://semarc/name/1518 245 10$a[RECENSIONE: ..., Medicina, macchine e uomini. La malattia..., 1999]. 773 0 $t[Gennaio-Dicembre].$g651-654$w()274009 996 $6245$a[RECENSIONE: ..., Medicina, macchine e uomini. La malattia..., 1999]$9(OLS)http://semarc/title/391142 LEADER 01247nam a2200289 i 4500 001 000000059121 003 CaOOAMICUS 005 20100104000000.0 008 100104s1996 it u000 u ita u 013 $a30293 020 $a88-05-05563-8 040 $aSeMil$bita 100 1 $aPoulat, Émile,$d<1920-2014>.$0(OLS)http://semarc/name/22485 240 12$aL'ère postchrétienne.$0(OLS)http://semarc/title/92329 245 12$aL'era post-cristiana :$bun mondo uscito da Dio /$cÉmile Poulat. 260 $aTorino :$bSocietà Editrice Internazionale,$ccopyr. 1996. 300 $aXVIII, 293 p. ;$c22 cm. 490 0 $aSEI. Religione 650 4$aChiesa e società.$0(OLS)http://semarc/subject/715 650 4$aCristianesimo - Sec. 20.$0(OLS)http://semarc/subject/7709 830 0$aSEI. Religione.$0(OLS)http://semarc/title/9840 850 $aSeMil 852 $aSeMil$W1$xVenegono$y1$m3E IV 311$j25274$B25274$CSeMilBibl$Z2$F25277 $81 961 $aOmaggio: Martinelli don Romano 996 $6020$a88-05-05563-8$9(OLS)http://semarc/number/34930 996 $6245$aL'era post-cristiana :$bun mondo uscito da Dio$9(OLS)http://semarc/title/92328 996 $6260$aTorino :$bSocietà Editrice Internazionale$9(OLS)http://semarc/publisher/29847